000 00520nam a2200181Ia 4500
999 _c6621
_d6621
003 OSt
005 20200114092014.0
008 190216s9999||||xx |||||||||||||| ||und||
020 _a9788178089584
040 _coclc
082 _a519.5
_bVIS/B
100 _aViswanathan, P K
_91168
245 0 _aBusiness Statistics /
_cP K Viswanathan
260 _bPearson Education International,
_c2003.
_aNew Delhi:
300 _a323p
650 _aStatistics
942 _cBK
_2ddc
_h519.5
_iVIS/B
_k519.5
_mVIS/B